Obálka Náhled e-knihy:
PDF Epub
Pro půjčování e-knih musíte být přihlášeni.
Jak si půjčit online?

Prokletá /

Závěr pohádkového fantasy románu, jehož hlavní hrdinka dokáže vyprávět podmanivé příběhy, které ji nakonec dostanou do problémů.

Uloženo v:
Série:Zlatá, část 2
Hlavní autor: Meyer, Marissa, 1984- (Autor)
Další autoři: Jelínková Babuláková, Petra, 1988- (Autor)
Médium: E-kniha
Jazyk:Czech
Vydáno: V Praze : Egmont, 2023
Vydání:První vydání
Témata:
Příbuzné jednotky:Z cyklu:: Zlatá
Tagy:
Žádné tagy
LEADER 02762nam a2200553 i 4500
001 311996
003 CZ PrSKC
005 20260601215715.0
007 ta
008 230721s2023 xr d 000 f cze
015 |a cnb003533735 
020 |a 9788025255278  |q (brožováno) :  |c Kč 469,00 
035 |a (OCoLC)1396730560 
040 |a ABG001  |b cze  |d ABA001  |e rda 
041 1 |a cze  |h eng 
072 7 |a 821.111(73)-3  |x Americká próza  |2 Konspekt 
072 7 |a 821-93  |x Literatura pro děti a mládež (beletrie)  |2 Konspekt 
080 |a 821.111(73)-31  |2 MRF 
080 |a 821-93-053.67  |2 MRF 
080 |a 821-93  |2 MRF 
080 |a (0:82-312.9)  |2 MRF 
100 1 |a Meyer, Marissa,  |d 1984-  |7 xx0149497  |4 aut 
240 1 0 |a Cursed.  |l Česky 
245 1 0 |a Prokletá /  |c Marissa Meyerová ; překlad Petra Jelínková Babuláková 
250 |a První vydání 
264 1 |a V Praze :  |b Egmont,  |c 2023 
300 |a 445 stran ;  |c 20 cm 
336 |a text  |b txt  |2 rdacontent 
337 |a bez média  |b n  |2 rdamedia 
338 |a svazek  |b nc  |2 rdacarrier 
500 |a Přeloženo z angličtiny 
520 2 |a Závěr pohádkového fantasy románu, jehož hlavní hrdinka dokáže vyprávět podmanivé příběhy, které ji nakonec dostanou do problémů.  |b Blíží se Nekonečný měsíc. Král duchů hodlá zajmout jedno z božstev a vyslovit přání, aby se jeho milovaná Perchta vrátila z podsvětí. Serilda a Zlat se mezitím pokoušejí zlomit kletby, které poutají jejich duchy k prokletému hradu Adalheid. Brzy se však ukáže, že královu touhu po pomstě neuspokojí jediné přání a jeho záměry mohou změnit říši smrtelníků navždy. Nakladatelská anotace. Kráceno. 
521 8 |a Pro čtenáře od 12 let 
655 7 |a americké romány  |7 fd131796  |2 czenas 
655 7 |a fantasy romány  |7 fd184199  |2 czenas 
655 7 |a literatura young adult  |7 fd1185572  |2 czenas 
655 7 |a publikace pro mládež  |7 fd133157  |2 czenas 
655 9 |a American fiction  |2 eczenas 
655 9 |a fantasy novels  |2 eczenas 
655 9 |a young adult literature  |2 eczenas 
655 9 |a juvenile literature  |2 eczenas 
700 1 |a Jelínková Babuláková, Petra,  |d 1988-  |7 xx0113481  |4 trl 
787 0 8 |i Z cyklu:  |t Zlatá  |g 2 
900 |a ABA001  |b 21 
928 9 |a Albatros Media - Egmont 
044 |a xr 
910 |a RBIT002 
998 |d 380572  |a https://core.palmknihy.cz/api/books/380572/cover?si7fbh  |b https://core.palmknihy.cz/api/books/380572/cover/400?si7fbh  |c https://core.palmknihy.cz/api/books/380572/cover/50?si7fbh  |e 2028-01-03  |g 448  |i 9788025255278  |j https://core.palmknihy.cz/api/books/380572/preview.epub  |k https://core.palmknihy.cz/api/books/380572/preview.pdf  |l   |q 49  |r 1  |s https://www.palmknihy.cz/kniha/380572  |t ebook  |y 2023  |z 0  |v Zlatá  |w 2 
999 |d 311994